000 01196cam a2200277 i 4500
003 SA-RiAUC
005 20260313131507.0
008 260125s1908 le g 00000 ara c
040 _aSA-RiAUC
_bara
_cSA-RiAUC
_erda
082 0 4 _a219.3
_qSA-RiAUC
090 _aم ن 219.3
_bع ل م
100 1 _aالعلمي، عبد الله بن محمد بن صلاح الدين،
_d1278-1355 هجري
_eمؤلف.
245 1 2 _aالحرية ومجلس المبعوثان من تعاليم القرآن /
_cعبد الله العلمي.
264 1 _a[مكان النشر غير محدد] :
_b[الناشر غير محدد]،
_c1908
264 3 _aبيروت :
_bالمطبعة الأهلية
300 _a190 صفحة ؛
_c29 سم
336 _aنص
_btxt
_2rdacontent
_3كتاب
337 _aبدون وسيط
_bn
_2rdamedia
338 _aمجلد
_bnc
_2rdacarrier
650 7 _aالإسلام والإصلاح الاجتماعي
_2aucsh
650 7 _aالشورى في القرآن
_2aucsh
730 2 2 _aالقرآن
856 4 _uhttp://10.10.10.21/hipres/1406/book.Web/bookTestPage.html
942 _2ddc
_cRBOOK COPY
_n0
949 _aSA-JeALM
_d260125
_umohamedma123
_n1
999 _c14569
_d14569